Mensaje leido por el C. Lic. Emilio Pimentel, gobernador constitucional del Estado, ante la XXII° legislatura del mismo, y contestación del Presidente del H. Congreso, C. Andrés Portillo, al abrir aquella su segundo período de sesiones ordinarias, el 16 de septiembre de 1904

Detalles Bibliográficos
Autor principal: Pimentel, Emilio
Formato: Libro
Lenguaje:Spanish
Publicado: Oaxaca : imprenta del Estado, 2° de Murguía número 9, 1904.
Materias:
Colección:Banco de datos
Acervo:Universidad Autónoma Benito Juárez de Oaxaca. Biblioteca Francisco de Burgoa. Colección histórica
Descripción Física:61 p. ; 18.5 cm.
Tema general:Política
Notas:Portada tipográfica con pleca. Texto a renglón seguido con paginación en números arábigos y signaturas. Falta encuadernación
LEADER 00983nam a22001690004500
035 |a 5524 
041 0 |a spa 
100 1 |a Pimentel, Emilio 
245 1 0 |a Mensaje leido por el C. Lic. Emilio Pimentel, gobernador constitucional del Estado, ante la XXII° legislatura del mismo, y contestación del Presidente del H. Congreso, C. Andrés Portillo, al abrir aquella su segundo período de sesiones ordinarias, el 16 de septiembre de 1904 
260 |a Oaxaca : imprenta del Estado, 2° de Murguía número 9, 1904. 
300 |a 61 p. ; 18.5 cm.  
500 |a Portada tipográfica con pleca. Texto a renglón seguido con paginación en números arábigos y signaturas. Falta encuadernación  
650 1 0 |a Política 
852 |a Universidad Autónoma "Benito Juárez" de Oaxaca, Biblioteca Francisco de Burgoa, Colección histórica 25192 
942 |c BURHIS 
943 |g Universidad Autónoma Benito Juárez de Oaxaca. Biblioteca Francisco de Burgoa. Colección histórica 
999 |c 1124367  |d 1124367